000
00431nam a2200145Ia 4500
008
100204s9999 xx 000 0 und d
082
_b
7645
100
_a
भडभडे सुमन
245
_a
वादळवारे
260
_b
"उदयदीप प्रकाशन , मुंबई"
_c
1985
300
_a
204
630
_a
वादळवारे
730
_a
वादळवारे
942
_c
BOOK
999
_c
452081
_d
452078